| 000 | 00555nam a22002057a 4500 | ||
|---|---|---|---|
| 999 |
_c20185 _d20185 |
||
| 003 | BDDh-ASL | ||
| 005 | 20231015025845.0 | ||
| 008 | 201227s1963 enk||||| |||| 00| 0 eng d | ||
| 040 | _cBDDh-ASL | ||
| 082 | _a297.SCU | ||
| 100 | 1 |
_92603 _aSchuon, Frithjof |
|
| 245 | 0 | 0 | _aUnderstanding Islam / |
| 260 |
_aLondon: _bGeorge Allen & Unwing Ltd., _c1963. |
||
| 300 |
_a159 p.: _c22 cm. |
||
| 504 | _aInclude Bibliographical References | ||
| 650 | 0 |
_91652 _aIslam |
|
| 650 | 0 |
_92221 _aReligions |
|
| 700 | 1 |
_92604 _aMatheson, D. M. |
|
| 942 |
_2ddc _cBK |
||